000 00723cam a22002533a 4500
001 12108
003 PGUSA
005 20140828083245.0
008 040401s2004||||xxu|||||s|||||000 1 eng d
040 _aPGUSA
_beng
042 _adc
050 4 _aPT
100 1 _aMann, Thomas,
_d1875-1955
245 1 0 _aDer Tod in Venedig
_h[electronic resource] /
_cThomas Mann
260 _bProject Gutenberg,
_c2004
506 _aPublic domain in the USA.
516 _aElectronic text
653 _aVenice (Italy) -- Fiction
653 _aMünchen (Munich, Bavaria, Germany) -- Fiction
653 _aAuthors -- Fiction
830 0 _aProject Gutenberg
_v12108
856 4 0 _uhttp://www.gutenberg.org/ebooks/12108
942 _cEB
999 _c241363
_d241363